Introduction to protein spectrometry (Record no. 1715667)

MARC details
000 -LEADER
fixed length control field 00275 a2200109 4500
000 - LEADER
fixed length control field nam a22 7a 4500
005 - DATE AND TIME OF LATEST TRANSACTION
control field 20260318112857.0
100 ## - MAIN ENTRY--PERSONAL NAME
Personal name Ghosh, Pradip
9 (RLIN) 1132410
245 ## - TITLE STATEMENT
Title Introduction to protein spectrometry
260 ## - PUBLICATION, DISTRIBUTION, ETC.
Name of publisher, distributor, etc. Academic press
Date of publication, distribution, etc. 2024
942 ## - ADDED ENTRY ELEMENTS (KOHA)
Koha item type Textual
Holdings
Withdrawn status Lost status Source of classification or shelving scheme Damaged status Not for loan Home library Current library Date acquired Source of acquisition Cost, normal purchase price Total Checkouts Date last seen Cost, replacement price Price effective from Koha item type
    Colon Classification (CC)     Central Science Library Central Science Library 2026-03-23 118 11903.76   2026-03-23 14879.70 2026-03-23 Textual
Copyright @ Delhi University Library System